Statistiques concernant Stades de Ligue 2 BKT (2021-2022)

Cliquez ici pour prendre le quiz!

Statistiques générales

  • Ce quiz a été pris 71 fois
  • Le résultat moyen est 11 sur 20

Statistiques - réponses

ÉquipeStadeCapacité% Correct
Toulouse FCStadium de Toulouse33.150
89%
Amiens SCStade de la Licorne12.999
88%
EA GuingampStade du Roudourou19.060
88%
Le Havre ACStade Océane25.181
81%
Paris FCStade Charléty20.000
75%
SC BastiaStade Armand-Cesari16.048
73%
Nîmes OlympiquesStade des Costières15.788
73%
AJ AuxerreStade de l'Abbé-Deschamps18.541
69%
Grenoble Foot 38Stade des Alpes20.068
69%
SM CaenStade Michel-d'Ornano20.200
67%
Dijon FCOStade Gaston Gérard18.378
63%
AS Nancy LorraineStade Marcel-Picot20.087
63%
Valenciennes FCStade du Hainaut24.926
61%
FC Sochaux-MontbéliardStade Auguste-Bonal20.005
58%
AC AjaccioStade François-Coty10.660
38%
USL DunkerqueStade Marcel-Tribut5.000
17%
Rodez AFStade Paul-Lignon7.800
17%
Pau FCStade du Hameau18.324
16%
Chamois Niortais FCStade René-Gaillard6.398
16%
US Quevilly-Rouen MétropoleStade Robert-Diochon12.018
11%

Distribution des résultats

Percentile par nombre de réponses

% des personnes avec chaque résultat

Votre développement - résultats

Vous n’avez pas pris ce quiz